000 01942nam a2200397 4500
001 121026
003 ES-MaACL
005 20250826063142.0
007 t|
008 070214e1972 sp a||||r l00|10dspa
017 _aT 2875-1972
_bOficina Depósito Legal Tarragona
080 _a061.75(460.237 Torredembarra)"1972":07(460)
080 _a07(460):061.75(460.237 Torredembarra)"1972"
080 _a908(467.4 Torredembarra)
080 _a070.487(460)"18"
111 2 _aPremio Nacional de Periodismo Juan Mañé y Flaquer
_n(3º.
_d1972.
_cTorredembarra)
_9135177
245 1 0 _aPremio Nacional de Periodismo Juan Mañé y Flaquer /
_cconvocado por el Centro de Iniciativas y Turismo de Torredembarra
246 1 _aEstudio o ensayo sobre periodismo humorístico en el siglo XIX
246 1 _aCrónicas, reportajes o ensayos sobre Torredembarra
260 _aTarragona :
_b[Pastor Publicidad,
_c1972]
300 _a223 páginas :
_bilustraciones ;
_c25 cm
505 0 _aEstudio o ensayo sobre periodismo humorístico en el siglo XIX: Josep Maria Cadena, 5 trabajos publicados en el "Diario de Barcelona". Crónicas, reportajes o ensayos sobre Torredembarra: José Julián García Lana, con 5 trabajos
650 7 _aPrensa satírica-
_zEspaña
_2embne
_9242054
650 4 _aPeriódicos-
_zEspaña-
_yS.XIX
_9145487
650 4 _aPeriodismo-
_zEspaña-
_yS.XIX
_9161039
651 4 _aTorredembarra-
_xDescripción
_9242050
700 1 _aCadena, Josep M.
_d1935-
_eaut
_9143876
700 1 _aGarcía Lana, José Julián
_eaut
_9242056
710 1 _aTorredembarra.
_bAyuntamiento.
_bCentro de Iniciativas y Turismo
_eisb
_96972
740 0 2 _aEstudio o ensayo sobre periodismo humorístico en el siglo XIX
740 0 2 _aCrónicas, reportajes o ensayos sobre Torredembarra
852 4 _aES-MaACL
_bR.83545
_cDEPO2
_jC-45571
942 _2udc
_cMONOGRAFIA
_n0
999 _c121026
_d121026